000 00430nam a2200157Ia 4500
008 230917s9999||||xx |||||||||||||| ||und||
040 _e89266
_aMAIN
041 _aEnglish
082 _a658.3 C266M
100 _aCascio, Wayne F
245 0 _aManaging human resources: Productivity, quality of work life, profits
250 _a6th ed.
260 _aNew Delhi
_bTata McGraw-Hill
_c2002
300 _axxxi, 703 p.
942 _cBK
999 _c115865
_d115865